| 000 | 00713nam a2200217Ia 4500 | ||
|---|---|---|---|
| 003 | GCL | ||
| 008 | 140319s9999 xx 000 0 aFre d | ||
| 040 |
_aGCL / _cGCL |
||
| 082 | 0 | 4 |
_aCC _b726.21822 _bG H |
| 100 | 1 | _aGROUPE DE RECHERCHES ET D'ETUDER SUR LE | |
| 245 | 1 | 0 |
_aL'HABITAT TRADITIONNEL DANS LES PAYS MUSULMANS AUTOUR DE LA MEDITERRANEE / _cGROUPE DE RECHERCHES ET D'ETUDER SUR LE |
| 260 |
_aفرنسا : _bINSTITUT FRANCAIS D'ARCHEOLOGIE ORIENTAL ، _c1988 |
||
| 300 |
_a944 ؛ _c4 VOLS |
||
| 650 | 0 | 4 | _aMEDITERRANEAN SEA |
| 650 | 0 | 4 | _aISLAM - ARCHAEOLOGY |
| 650 | 0 | 4 | _aHISTORY |
| 650 | 0 | 4 | _aARCHITECTURE |
| 650 | 0 | 4 | _aISLAM - ARCHETICTURE |
| 650 | 0 | 4 | _aARCHITECTURE, ISLAMIC |
| 942 |
_2ddc _cBK |
||
| 999 |
_c25423 _d25423 |
||